00525cam a2200169 a 4500020001500000041000800015082001500023100002400038245007800062260004800140300001800188500002000206650001100226942000700237952009400244999001700338 a0800619722 aENG00a270.1bACH1 aAchtemeier, Paul J.14aThe quest for unity in the New Testament church :A Study in Paul and Acts aPhiladelphia, PA :bFortress Press,cc1987. axii, 132 p. ; aIncludes index. 0aChurch cBK 00104070aHMIbHMIcGENd2018-11-15l0o270.1 ACHp11003863r2026-01-16w2026-01-16yBK c22502d22502